Library of the University of Algiers 3
Ibrahim Sultan Cheibout
شعار جامعة الجزائر 3
مكتبة جامعة الجزائر 3
إبراهيم سلطان شيبوط

تحالفات العولمة العسكرية والقانون الدولي / (رقم التسجيلة. 45692)

تفاصيل مارك
000 -LEADER
fixed length control field 02064nam a2200265Ia 4500
003 - CONTROL NUMBER IDENTIFIER
control field Ost
005 - DATE AND TIME OF LATEST TRANSACTION
control field 20260507075656.0
008 - FIXED-LENGTH DATA ELEMENTS--GENERAL INFORMATION
fixed length control field 260507s9999||||xx |||||||||||||| ||und||
020 ## - INTERNATIONAL STANDARD BOOK NUMBER
International Standard Book Number 9773830292
040 ## - CATALOGING SOURCE
Transcribing agency fsecg
041 ## - LANGUAGE CODE
Language code of text/sound track or separate title ara
082 ## - DEWEY DECIMAL CLASSIFICATION NUMBER
Classification number 341.55
100 ## - MAIN ENTRY--PERSONAL NAME
Personal name أبو الخيرن، السيد مصطفى أحمد
Relator term مؤلف
245 #0 - TITLE STATEMENT
Title تحالفات العولمة العسكرية والقانون الدولي /
Statement of responsibility, etc. السيد مصطفى أحمد أبو الخيرن
260 ## - PUBLICATION, DISTRIBUTION, ETC.
Place of publication, distribution, etc. القاهرة:
Name of publisher, distributor, etc. ايتراك,
Date of publication, distribution, etc. 2005
300 ## - PHYSICAL DESCRIPTION
Extent 367 صفحة؛
Other physical details إيضاحات ؛
Dimensions 24 سم
504 ## - BIBLIOGRAPHY, ETC. NOTE
Bibliography, etc. note المراجع ص.351
520 ## - SUMMARY, ETC.
Summary, etc. التحالف الدولي في حرب الخليج الثانية: التكسيف القانوني لغزو العراق للكويت، دور الأمم المتحدة في حرب الخليج الثانية، الطبيعة القانونية للتحالف الدولي في حرب الخليج الثانية، المسؤولية الدولية عن حرب الخليج الثانية التحالف الدولي ضد افغنستان في ضوء أحكام القانون الدولي العام: الحرب ضد افغنستان في ضوء أحكام القانون الدولي العام، الحماية القانونية للطيران المدني في القانون الدولي، الآثار المترتبة على الحرب ضد افغنستان في ضوء القانون الدولي حرب الخليج الثالثة في ضوء القانون الدولي المعاصر: دور الأمم المتحدة في حرب الخليج الثالثة، الانتهاكات التي ارتكبتها قوات التحالف أثناء حرب الخليج الثالثة، المسؤولية الدولية عن حرب الخليج الثالثة.
653 ## - INDEX TERM--UNCONTROLLED
Uncontrolled term التدخلات الأجنبية
653 ## - INDEX TERM--UNCONTROLLED
Uncontrolled term العلاقات الدولية
653 ## - INDEX TERM--UNCONTROLLED
Uncontrolled term القانون الدولي
653 ## - INDEX TERM--UNCONTROLLED
Uncontrolled term تسوية النزاعات
653 ## - INDEX TERM--UNCONTROLLED
Uncontrolled term حرب الخليج 1991
942 ## - ADDED ENTRY ELEMENTS (KOHA)
Koha item type كتب

لا توجد مواد متاحة.

موارد الويب المفتوحة


© University of Algiers 3 All Rights Reserved
|
Implemented by LECHELAH Riad